Έρευνα σε γονείς και μαθητές γυμνασίων της Ρόδου για την επίδραση της ηλεκτρομαγνητικής ακτινοβολίας της κινητής τηλεφωνίας στην υγεία και το περιβάλλον : διπλωματική εργασία [μεταπτυχιακή εργασία]

Αποθηκεύτηκε σε:
Λεπτομέρειες βιβλιογραφικής εγγραφής
Κύριος συγγραφέας: Τσατταλιός, Νικόλαος
Συγγραφή απο Οργανισμό/Αρχή: Πανεπιστήμιο Αιγαίου Σχολή Ανθρωπιστικών Επιστημών Τμήμα Επιστημών της Προσχολικής Αγωγής και του Εκπαιδευτικού Σχεδιασμού Πρόγραμμα Μεταπτυχιακών Σπουδών Περιβαλλοντική Εκπαίδευση
Άλλοι συγγραφείς: Φώκιαλη, Περσεφόνη (Εισηγητής διατριβής)
Μορφή: Thesis Βιβλίο
Γλώσσα:Greek
Δημοσίευση: 2013
Θέματα:
Διαθέσιμο Online:http://hdl.handle.net/11610/15787
Ετικέτες: Προσθήκη ετικέτας
Δεν υπάρχουν, Καταχωρήστε ετικέτα πρώτοι!

MARC

LEADER 00000cam a2200000 i 4500
001 1/41003
008 140129s2013 gre d
035 |l 10116492 
040 |a GR-MY-UA  |b gre  |e aacr 
041 0 |a gre 
082 0 |a 363.179  |2 (22) 
100 1 |a Τσατταλιός, Νικόλαος. 
245 1 0 |a Έρευνα σε γονείς και μαθητές γυμνασίων της Ρόδου για την επίδραση της ηλεκτρομαγνητικής ακτινοβολίας της κινητής τηλεφωνίας στην υγεία και το περιβάλλον :  |b διπλωματική εργασία [μεταπτυχιακή εργασία] /  |c Τσατταλιός Νικόλαος ; επιβλέπουσα: Περσεφόνη Φώκιαλη 
260 |c 2013 
300 |a 357 σ.;  |b πίν.;  |c 30 εκ. 
500 |a Μέλη εξεταστικής επιτροπής: Ποτίτσα Ξανθάκου, Παναγιώτης Σταμάτης 
502 |a Διατριβή (μεταπτυχιακή) – Πανεπιστήμιο Αιγαίου, Ρόδος, 2013. 
504 |a Βιβλιογραφία: σ. 314-321 
650 0 0 |a Nuclear reactors  |x Safety measures. 
650 0 0 |a Radioactive pollution  |x Measurment. 
650 0 0 |a Cellular telephone systems. 
650 0 0 |a Dissertations, Academic  |z Greece. 
651 0 |a Rhodes (Greece : Island)  |x Environmental conditions. 
700 1 |a Φώκιαλη, Περσεφόνη.  |4 ths 
710 2 |a Πανεπιστήμιο Αιγαίου  |b Σχολή Ανθρωπιστικών Επιστημών  |b Τμήμα Επιστημών της Προσχολικής Αγωγής και του Εκπαιδευτικού Σχεδιασμού  |b Πρόγραμμα Μεταπτυχιακών Σπουδών Περιβαλλοντική Εκπαίδευση. 
852 |a INST  |b RHODES  |c DIATR  |e 20140129  |h 363.179 ΤΣΑ  |p 005400036049  |q 005400036049  |t MTXE  |y 23 
852 |a INST  |b RHODES  |c DIATR  |e 20140129  |h 363.179 ΤΣΑ  |p 005400036050  |q 005400036050  |t MTXE  |y 23 
856 |u http://hdl.handle.net/11610/15787 
901 |a BIBL4-2014-1 
909 |a Ρ  |b 182557 
909 |a Ρ  |b 182558 
924 |a ΤΣΑΤΤΑΛΙΟΣ  |b ΝΙΚΟΛΑΟΣ  |y ΡΟΔΟΣ  |z 2013-10 
970 |z 2014/01/29